Регионална библиотека "Любен Каравелов" - Русе

Свалям ти шапка майсторе (Запис номер 123921)

MARC детайли
000 -Лидер
Контролно поле с фиксирана дължина 01170nam a2200301 c 4500
003 - Код на организацията, давaща контролен номер
Контролно поле BLK
005 - Дата и час на последна редакция
Контролно поле 20180422110953.0
008 - Елементи от данни с фиксирана дължина
fixed length control field 180409b bul|||||r ||||||| ||bul||
010 ## - Наследен системен номер
LC control number KNG00129584000
040 ## - Източник на каталожния запис
Идентификатор на билиотеката - собственик на записа BLK
041 ## - Код за език
Код за езика на текст/звукозапис или на отделно заглавие Български
Код за езика КДБФ Български
080 ## - УДК
Текстов определител УДК Българска литература
УДК код - определител по УДК 821.163.2
УДК определител -7
УДК - код + определител 821.163.2-7
100 1# - Редна дума - Автор
Автор Арнаудов, Борис Стефанов
Авторска отговорност първи автор
R(LIN) 270552
139 ## - Редно поле
Редна дума Арнаудов, Борис Стефанов
Авторски знак Арн - А 87
245 10 - Сведения за заглавието
Заглавие Свалям ти шапка майсторе
Подзаглавни данни Хуморист. разкази
Редно поле (дума) Борис Стефанов Арнаудов; ил. Генчо Симеонов.
257 ## - Страна на издаване
Страна на създаване/издаване България
260 ## - Област на издателските данни
-- София
Име на издателя, разпространителя и проч. Стършел
Година на издаване 1989
300 ## - Физическа характеристика
Страници 64 с.
Илюстрации и др. с ил.
Размери/Мащаб 17 см
380 ## - Жанр
Жанр Худож. лит.
490 1# - СЕРИИ (Колекции)
Име на серия Библиотека Стършел
№: серия Кн. 6
500 ## - Общи забележки
Забележка 34 800 тир.
700 1# - Други автори (авторска отговорност)
Лично име Симеонов, Генчо
Автороска отговорност (Описва отношението между автора и произведението) ил.
9 (RLIN) 376995
852 ## - Местоположение
Форматна сигнатура Цб І 24339
856 4# - Електронен адрес и достъп
Електронен формат pdf - файл
Път до файла /url/
856 4# - Електронен адрес и достъп
Електронен формат pdf - файл
Път до файла /url/
942 ## - АРТИКУЛИ
Вид на библиотечния материал Книги
Скрит в OPAC Не
944 ## - СЪЗДАВАНЕ И РЕДАКЦИЯ на ЗАПИСА
Създаване/Редакция Създаване
Дата на регистрацията/редакция 06.04.2012
Статус, дата на статуса 06.04.2012 - от С1,Р / 06.04.2012
Служител, извършил регистрацията/редакцията Любомир_Делиганев
944 ## - СЪЗДАВАНЕ И РЕДАКЦИЯ на ЗАПИСА
Създаване/Редакция Редакция
Дата на регистрацията/редакция 06.04.2012
Статус, дата на статуса 06.04.2012 - от С1,Р / 06.04.2012
Служител, извършил регистрацията/редакцията
999 ## - СИСТЕМНИ КОНТРОЛНИ НОМЕРА
Koha biblionumber 123921
Koha biblioitemnumber 123921
Наличности
Код за отписване Код за изгубен артикул Източник на класификационната схема Код за повреда Коз за рестрикции Код за отдаване Артикулен № Име на библиотеката - собственик Име на библиотеката, в която се намира в момента Статус (Текущо местоположение) Дата на вписване в системата Местоположение - отдел Цена в лева Инвентарен номер Систематично азбучна сигнатура Баркод Номер на екземпляра Цена в евро Служебна бележка Служебен тип на артикула
  Не е изгубен Universal Decimal Classification Не е повреден само за читалня ползва се в читалня 200836 Регионална библиотека "Любен Каравелов" Русе Регионална библиотека "Любен Каравелов" Русе Хранилище 1989-01-01 Хранилище 0.40 518996 Цб І 24339 120000518996 1 0.20 Вид: СФ Дата: 01.01.1989 Книги
Изтеглен Не е изгубен Universal Decimal Classification Не е повреден без рестрикции заемане за дома 200837 Регионална библиотека "Любен Каравелов" Русе Регионална библиотека "Любен Каравелов" Русе Заемна - подръчен фонд 1989-01-01 Заемна - подръчен фонд 0.40 520760 П 886.7-7/А 87 520760 2 0.20 Вид: Сф Дата: 01.01.1989 Книги
Vip Innovations Ltd, Rousse, Bulgaria 2025